| 000 | 00861nam a22002057a 4500 | ||
|---|---|---|---|
| 005 | 20250319183150.0 | ||
| 008 | 250319b |||||||| |||| 00| 0 eng d | ||
| 020 | _a9788122414349 | ||
| 050 | _aHB615 | ||
| 245 |
_aEntrepreneurship Development / _cS. Anil Kumar |
||
| 250 | _a1st ed. | ||
| 260 |
_aNew Delhi _aIndia _bNew Age International (P) Limited _cc2003, 2005 |
||
| 300 |
_axii, 273pages _bill. _c24cm |
||
| 650 | _2Entrepreneurship | ||
| 700 |
_aS. Anil Kumar _cProfessor and Head - Department of Commerce and Management _eCo-Author |
||
| 700 |
_aS. C. Poornima _cReader & Head - Department of Commerce and Management _eCo-Author |
||
| 700 |
_aMini K. Abraham _cSenior Lecturer - Department of Commerce and Management _eCo-Author |
||
| 700 |
_aK. Jayashree _cSenior Lecturer - Department of Commerce and Management _eCo-Author |
||
| 942 |
_2lcc _cBK _e1st ed. _n0 |
||
| 999 |
_c4981 _d4981 |
||